[Event "ODJM B 2025"]
[Site "Willingen GER"]
[Date "2025.06.08"]
[Round "2"]
[White "Ihle, Ben"]
[Black "Geschke, David"]
[Result "1-0"]
[Termination "normal"]
[Board "9"]
[WhiteElo "1752"]
[BlackElo "1824"]
[WhiteClock "00:13:30"]
[BlackClock "00:01:05"]
[PlyCount "107"]
[WhiteFideId "533020566"]
[BlackFideId "34619658"]
[EventCountry "GER"]
[EventRounds "9"]
[EventType "swiss"]
[EventDate "2025.06.07"]

1. d4 {[%clk 01:30:58]} {[%emt 00:00:02]} Nf6 {[%clk 01:30:54]} {[%emt
00:00:07]} 2. Nf3 {[%clk 01:31:12]} {[%emt 00:00:15]} g6 {[%clk 01:30:59]}
{[%emt 00:00:25]} 3. c4 {[%clk 01:31:39]} {[%emt 00:00:04]} Bg7 {[%clk
01:31:24]} {[%emt 00:00:04]} 4. e3 {[%clk 01:32:06]} {[%emt 00:00:04]} d6
{[%clk 01:31:22]} {[%emt 00:00:32]} 5. Be2 {[%clk 01:32:29]} {[%emt 00:00:07]}
O-O {[%clk 01:31:42]} {[%emt 00:00:09]} 6. O-O {[%clk 01:32:15]} {[%emt
00:00:44]} Nbd7 {[%clk 01:29:56]} {[%emt 00:02:16]} 7. b3 {[%clk 01:30:49]}
{[%emt 00:01:57]} Re8 {[%clk 01:26:55]} {[%emt 00:03:30]} 8. Bb2 {[%clk
01:30:04]} {[%emt 00:01:16]} c5 {[%clk 01:17:35]} {[%emt 00:09:50]} 9. Nc3
{[%clk 01:24:40]} {[%emt 00:05:54]} cxd4 {[%clk 01:11:50]} {[%emt 00:06:15]}
10. exd4 {[%clk 01:23:17]} {[%emt 00:01:53]} e5 {[%clk 01:10:09]} {[%emt
00:02:10]} 11. d5 {[%clk 01:17:18]} {[%emt 00:06:29]} Nh5 {[%clk 01:08:28]}
{[%emt 00:02:12]} 12. Nd2 {[%clk 01:07:56]} {[%emt 00:09:52]} Nf4 {[%clk
01:07:51]} {[%emt 00:01:06]} 13. Nde4 {[%clk 01:07:51]} {[%emt 00:00:36]} Nf6
{[%clk 01:05:02]} {[%emt 00:03:18]} 14. Nxf6+ {[%clk 00:58:06]} {[%emt
00:10:16]} Bxf6 {[%clk 01:03:34]} {[%emt 00:01:56]} 15. Re1 {[%clk 00:55:55]}
{[%emt 00:02:42]} Bg7 {[%clk 01:02:29]} {[%emt 00:01:36]} 16. Bf1 {[%clk
00:46:38]} {[%emt 00:09:46]} f5 {[%clk 01:00:27]} {[%emt 00:02:32]} 17. f3
{[%clk 00:41:03]} {[%emt 00:06:05]} Qg5 {[%clk 00:57:58]} {[%emt 00:02:59]} 18.
g3 {[%clk 00:36:10]} {[%emt 00:05:24]} Nh5 {[%clk 00:53:07]} {[%emt 00:05:19]}
19. Bc1 {[%clk 00:36:09]} {[%emt 00:00:32]} Qf6 {[%clk 00:50:48]} {[%emt
00:02:49]} 20. Nb5 {[%clk 00:32:40]} {[%emt 00:04:00]} Rd8 {[%clk 00:49:58]}
{[%emt 00:01:19]} 21. Bb2 {[%clk 00:32:20]} {[%emt 00:00:51]} Bd7 {[%clk
00:47:49]} {[%emt 00:02:38]} 22. Nc3 {[%clk 00:30:48]} {[%emt 00:02:02]} Re8
{[%clk 00:45:01]} {[%emt 00:03:18]} 23. Ne2 {[%clk 00:29:47]} {[%emt 00:01:32]}
Qg5 {[%clk 00:42:38]} {[%emt 00:02:51]} 24. Bc1 {[%clk 00:28:25]} {[%emt
00:01:53]} f4 {[%clk 00:41:50]} {[%emt 00:01:18]} 25. Bg2 {[%clk 00:17:20]}
{[%emt 00:11:35]} Qd8 {[%clk 00:35:49]} {[%emt 00:06:30]} 26. g4 {[%clk
00:17:18]} {[%emt 00:00:33]} Nf6 {[%clk 00:34:07]} {[%emt 00:02:13]} 27. Bb2
{[%clk 00:16:46]} {[%emt 00:01:02]} Qb6+ {[%clk 00:29:17]} {[%emt 00:05:19]}
28. Kh1 {[%clk 00:15:21]} {[%emt 00:01:56]} Bxg4 {[%clk 00:27:36]} {[%emt
00:02:11]} 29. Rc1 {[%clk 00:10:21]} {[%emt 00:05:29]} Bf5 {[%clk 00:23:09]}
{[%emt 00:04:58]} 30. Nc3 {[%clk 00:10:07]} {[%emt 00:00:44]} Rac8 {[%clk
00:18:00]} {[%emt 00:05:38]} 31. Ba3 {[%clk 00:09:27]} {[%emt 00:01:11]} Nd7
{[%clk 00:12:04]} {[%emt 00:06:25]} 32. Ne4 {[%clk 00:08:59]} {[%emt 00:00:59]}
Nc5 {[%clk 00:09:11]} {[%emt 00:03:23]} 33. b4 {[%clk 00:08:12]} {[%emt
00:01:17]} Nxe4 {[%clk 00:06:06]} {[%emt 00:03:34]} 34. fxe4 {[%clk 00:08:35]}
{[%emt 00:00:08]} Bd7 {[%clk 00:06:22]} {[%emt 00:00:13]} 35. c5 {[%clk
00:08:00]} {[%emt 00:01:06]} Qa6 {[%clk 00:05:51]} {[%emt 00:00:58]} 36. Rc3
{[%clk 00:08:04]} {[%emt 00:00:29]} g5 {[%clk 00:05:10]} {[%emt 00:01:10]} 37.
Bf3 {[%clk 00:06:06]} {[%emt 00:02:28]} dxc5 {[%clk 00:04:55]} {[%emt
00:00:46]} 38. bxc5 {[%clk 00:06:06]} {[%emt 00:00:30]} Qh6 {[%clk 00:03:35]}
{[%emt 00:01:48]} 39. Rg1 {[%clk 00:04:58]} {[%emt 00:01:40]} Qh4 {[%clk
00:02:06]} {[%emt 00:01:57]} 40. d6 {[%clk 00:01:21]} {[%emt 00:04:08]} Rc6
{[%emt 00:02:02]} 41. Qb3+ {[%clk 00:28:13]} {[%emt 00:03:37]} Kf8 {[%clk
00:21:35]} {[%emt 00:09:26]} 42. Qxb7 {[%clk 00:24:07]} {[%emt 00:04:40]} Rd8
{[%clk 00:16:03]} {[%emt 00:05:59]} 43. Bg4 {[%emt 00:01:27]} Bxg4 {[%clk
00:01:00]} {[%emt 00:15:31]} 44. Qe7+ {[%clk 00:23:34]} {[%emt 00:00:11]} Kg8
{[%clk 00:01:26]} {[%emt 00:00:04]} 45. Qxd8+ {[%clk 00:23:58]} {[%emt
00:00:06]} Kf7 {[%clk 00:01:19]} {[%emt 00:00:37]} 46. Qe7+ {[%clk 00:23:48]}
{[%emt 00:00:39]} Kg6 {[%clk 00:01:26]} {[%emt 00:00:18]} 47. Qe8+ {[%clk
00:19:15]} {[%emt 00:05:09]} Kh6 {[%clk 00:01:34]} {[%emt 00:00:22]} 48. Qxc6
{[%clk 00:19:31]} {[%emt 00:00:15]} Qf2 {[%clk 00:01:04]} {[%emt 00:00:59]} 49.
d7+ {[%clk 00:15:22]} {[%emt 00:04:38]} Kh5 {[%clk 00:01:23]} {[%emt 00:00:12]}
50. Rxg4 {[%clk 00:12:13]} {[%emt 00:03:39]} Qe1+ {[%clk 00:00:53]} {[%emt
00:01:01]} 51. Rg1 {[%clk 00:12:32]} {[%emt 00:00:10]} Qxc3 {[%clk 00:01:07]}
{[%emt 00:00:17]} 52. Rxg5+ {[%clk 00:12:48]} {[%emt 00:00:13]} Kh4 {[%clk
00:00:46]} {[%emt 00:00:52]} 53. d8=Q {[%clk 00:13:11]} {[%emt 00:00:06]} Qe1+
{[%clk 00:01:05]} {[%emt 00:00:11]} 54. Rg1+ {[%clk 00:13:30]} {[%emt
00:00:07]} 1-0

[Event "ODJM B 2025"]
[Site "Willingen GER"]
[Date "2025.06.08"]
[Round "2"]
[White "Oblender, Rudi"]
[Black "Bakó, Evelin"]
[Result "1-0"]
[Termination "normal"]
[Board "10"]
[WhiteElo "1761"]
[BlackElo "1637"]
[WhiteClock "01:30:59"]
[BlackClock "00:29:24"]
[PlyCount "87"]
[WhiteFideId "34625089"]
[BlackFideId "16271823"]
[EventCountry "GER"]
[EventRounds "9"]
[EventType "swiss"]
[EventDate "2025.06.07"]

1. e4 {[%clk 01:30:57]} {[%emt 00:00:02]} e5 {[%clk 01:30:47]} {[%emt
00:00:13]} 2. Nf3 {[%clk 01:31:24]} {[%emt 00:00:04]} Nf6 {[%clk 01:31:10]}
{[%emt 00:00:07]} 3. Nc3 {[%clk 01:31:09]} {[%emt 00:00:44]} Nc6 {[%clk
01:31:30]} {[%emt 00:00:10]} 4. d4 {[%clk 01:27:38]} {[%emt 00:04:02]} exd4
{[%clk 01:27:16]} {[%emt 00:04:45]} 5. Nxd4 {[%clk 01:27:59]} {[%emt 00:00:08]}
Bb4 {[%clk 01:18:58]} {[%emt 00:08:47]} 6. Nxc6 {[%clk 01:26:25]} {[%emt
00:02:06]} bxc6 {[%clk 01:18:33]} {[%emt 00:00:54]} 7. Bd3 {[%clk 01:26:26]}
{[%emt 00:00:29]} d6 {[%clk 01:12:18]} {[%emt 00:06:45]} 8. O-O {[%clk
01:26:41]} {[%emt 00:00:15]} O-O {[%clk 01:12:25]} {[%emt 00:00:21]} 9. Bg5
{[%clk 01:26:17]} {[%emt 00:00:56]} h6 {[%clk 01:11:26]} {[%emt 00:01:29]} 10.
Bh4 {[%clk 01:26:43]} {[%emt 00:00:05]} Re8 {[%clk 01:03:38]} {[%emt 00:08:17]}
11. f4 {[%clk 01:25:53]} {[%emt 00:01:20]} Qe7 {[%clk 00:51:14]} {[%emt
00:12:54]} 12. Re1 {[%clk 01:16:17]} {[%emt 00:10:06]} Bg4 {[%clk 00:43:42]}
{[%emt 00:08:01]} 13. Bxf6 {[%clk 01:16:27]} {[%emt 00:00:21]} Qd7 {[%clk
00:26:59]} {[%emt 00:17:12]} 14. Qd2 {[%clk 01:12:23]} {[%emt 00:04:34]} gxf6
{[%clk 00:26:33]} {[%emt 00:00:57]} 15. h3 {[%clk 01:12:26]} {[%emt 00:00:27]}
Bc5+ {[%clk 00:24:29]} {[%emt 00:02:34]} 16. Kh1 {[%clk 01:11:00]} {[%emt
00:01:55]} Bh5 {[%clk 00:24:09]} {[%emt 00:00:50]} 17. g4 {[%clk 01:10:59]}
{[%emt 00:00:32]} Kh8 {[%clk 00:22:45]} {[%emt 00:01:53]} 18. f5 {[%clk
01:11:11]} {[%emt 00:00:19]} Kh7 {[%clk 00:19:37]} {[%emt 00:03:38]} 19. Na4
{[%clk 01:10:11]} {[%emt 00:01:29]} Bd4 {[%clk 00:18:37]} {[%emt 00:01:27]} 20.
c3 {[%clk 01:10:06]} {[%emt 00:00:39]} Be5 {[%clk 00:18:41]} {[%emt 00:00:26]}
21. gxh5 {[%clk 01:10:26]} {[%emt 00:00:10]} d5 {[%clk 00:15:37]} {[%emt
00:03:34]} 22. Qc2 {[%clk 01:07:29]} {[%emt 00:03:26]} Rg8 {[%clk 00:12:09]}
{[%emt 00:03:58]} 23. Rg1 {[%clk 01:07:50]} {[%emt 00:00:09]} Qd6 {[%clk
00:11:20]} {[%emt 00:01:20]} 24. Rxg8 {[%clk 01:06:47]} {[%emt 00:01:33]} Rxg8
{[%clk 00:11:42]} {[%emt 00:00:07]} 25. Rg1 {[%clk 01:07:02]} {[%emt 00:00:16]}
Bg3 {[%clk 00:11:29]} {[%emt 00:00:41]} 26. Qe2 {[%clk 01:03:52]} {[%emt
00:03:42]} Qf4 {[%clk 00:10:23]} {[%emt 00:01:34]} 27. Qf1 {[%clk 01:03:04]}
{[%emt 00:01:19]} Qh4 {[%clk 00:07:19]} {[%emt 00:03:34]} 28. Nc5 {[%clk
01:02:39]} {[%emt 00:00:56]} Rg5 {[%clk 00:03:28]} {[%emt 00:04:19]} 29. Nd7
{[%clk 01:00:08]} {[%emt 00:03:03]} Rxh5 {[%clk 00:03:02]} {[%emt 00:00:55]}
30. Rxg3 {[%clk 00:56:31]} {[%emt 00:04:07]} Qxg3 {[%clk 00:01:26]} {[%emt
00:02:06]} 31. Nxf6+ {[%clk 00:56:56]} {[%emt 00:00:05]} Kh8 {[%clk 00:01:41]}
{[%emt 00:00:14]} 32. Nxh5 {[%clk 00:57:21]} {[%emt 00:00:06]} Qg5 {[%clk
00:01:57]} {[%emt 00:00:12]} 33. Qf4 {[%clk 00:56:12]} {[%emt 00:01:42]} Qxh5
{[%clk 00:01:50]} {[%emt 00:00:37]} 34. Qg4 {[%clk 00:56:37]} {[%emt 00:00:05]}
Qxg4 {[%clk 00:01:37]} {[%emt 00:00:42]} 35. hxg4 {[%clk 00:57:03]} {[%emt
00:00:04]} dxe4 {[%clk 00:01:16]} {[%emt 00:00:52]} 36. Bxe4 {[%clk 00:57:30]}
{[%emt 00:00:03]} c5 {[%clk 00:01:38]} {[%emt 00:00:07]} 37. f6 {[%clk
00:57:57]} {[%emt 00:00:03]} Kg8 {[%clk 00:02:00]} {[%emt 00:00:09]} 38. Kh2
{[%clk 00:58:23]} {[%emt 00:00:04]} Kf8 {[%clk 00:02:23]} {[%emt 00:00:06]} 39.
Kh3 {[%clk 00:58:51]} {[%emt 00:00:03]} Ke8 {[%clk 00:02:41]} {[%emt 00:00:10]}
40. Bf5 {[%clk 00:59:20]} {[%emt 00:00:03]} a5 {[%clk 00:01:43]} {[%emt
00:01:28]} 41. Kh4 {[%clk 00:59:43]} {[%emt 00:00:07]} Kf8 {[%clk 00:28:41]}
{[%emt 00:03:31]} 42. Kh5 {[%clk 01:30:11]} {[%emt 00:00:03]} Kg8 {[%clk
00:29:02]} {[%emt 00:00:08]} 43. Kxh6 {[%clk 01:30:32]} {[%emt 00:00:10]} Kh8
{[%clk 00:29:24]} {[%emt 00:00:06]} 44. Bh7 {[%clk 01:30:59]} {[%emt 00:00:04]}
1-0

[Event "ODJM B 2025"]
[Site "Willingen GER"]
[Date "2025.06.08"]
[Round "2"]
[White "Claussen, Alexander"]
[Black "Sniegowski, Richard"]
[Result "0-1"]
[Termination "normal"]
[Board "11"]
[WhiteElo "1654"]
[BlackElo "1887"]
[WhiteClock "00:27:43"]
[BlackClock "00:21:09"]
[PlyCount "64"]
[WhiteFideId "16248910"]
[BlackFideId "34664181"]
[EventCountry "GER"]
[EventRounds "9"]
[EventType "swiss"]
[EventDate "2025.06.07"]

1. d4 {[%clk 01:30:59]} d5 {[%clk 01:29:37]} {[%emt 00:01:24]} 2. Nf3 {[%clk
01:31:24]} {[%emt 00:00:05]} Nf6 {[%clk 01:30:03]} {[%emt 00:00:04]} 3. e3
{[%clk 01:31:50]} {[%emt 00:00:04]} c5 {[%clk 01:30:22]} {[%emt 00:00:10]} 4.
c3 {[%clk 01:32:15]} {[%emt 00:00:05]} Nc6 {[%clk 01:28:55]} {[%emt 00:01:57]}
5. Bd3 {[%clk 01:32:37]} {[%emt 00:00:08]} e6 {[%clk 01:28:53]} {[%emt
00:00:32]} 6. Ne5 {[%clk 01:33:01]} {[%emt 00:00:06]} cxd4 {[%clk 01:27:24]}
{[%emt 00:01:59]} 7. exd4 {[%clk 01:33:24]} {[%emt 00:00:08]} Nxe5 {[%clk
01:18:17]} {[%emt 00:09:37]} 8. dxe5 {[%clk 01:31:05]} {[%emt 00:02:49]} Nd7
{[%clk 01:18:41]} {[%emt 00:00:05]} 9. f4 {[%clk 01:31:30]} {[%emt 00:00:05]}
Bc5 {[%clk 01:18:39]} {[%emt 00:00:32]} 10. Qe2 {[%clk 01:27:26]} {[%emt
00:04:34]} a6 {[%clk 01:10:03]} {[%emt 00:09:07]} 11. Be3 {[%clk 01:27:36]}
{[%emt 00:00:20]} Qb6 {[%clk 01:08:59]} {[%emt 00:01:33]} 12. Bxc5 {[%clk
01:27:58]} {[%emt 00:00:09]} Nxc5 {[%clk 01:09:16]} {[%emt 00:00:13]} 13. b3
{[%clk 01:19:20]} {[%emt 00:09:08]} Nxd3+ {[%clk 01:09:11]} {[%emt 00:00:35]}
14. Qxd3 {[%clk 01:19:40]} {[%emt 00:00:09]} Bd7 {[%clk 01:08:43]} {[%emt
00:00:57]} 15. Nd2 {[%clk 01:18:29]} {[%emt 00:01:41]} Bb5 {[%clk 01:03:56]}
{[%emt 00:05:18]} 16. Qg3 {[%clk 01:16:24]} {[%emt 00:02:35]} O-O {[%clk
01:02:20]} {[%emt 00:02:05]} 17. a4 {[%clk 01:13:18]} {[%emt 00:03:37]} Bd7
{[%clk 00:59:11]} {[%emt 00:03:37]} 18. Qd3 {[%clk 01:13:08]} {[%emt 00:00:43]}
Rac8 {[%clk 00:55:43]} {[%emt 00:03:57]} 19. Ke2 {[%clk 01:06:42]} {[%emt
00:06:56]} Rfd8 {[%clk 00:54:30]} {[%emt 00:01:43]} 20. Rhc1 {[%clk 01:06:02]}
{[%emt 00:01:10]} Qc5 {[%clk 00:50:05]} {[%emt 00:04:53]} 21. Nf3 {[%clk
01:04:10]} {[%emt 00:02:24]} h6 {[%clk 00:45:53]} {[%emt 00:04:42]} 22. Nd4
{[%clk 01:04:27]} {[%emt 00:00:14]} Qe7 {[%clk 00:37:55]} {[%emt 00:08:28]} 23.
Rc2 {[%clk 00:46:59]} {[%emt 00:17:58]} b5 {[%clk 00:31:14]} {[%emt 00:07:11]}
24. axb5 {[%clk 00:46:00]} {[%emt 00:01:29]} Bxb5 {[%clk 00:31:38]} {[%emt
00:00:06]} 25. Nxb5 {[%clk 00:46:18]} {[%emt 00:00:12]} axb5 {[%clk 00:32:02]}
{[%emt 00:00:05]} 26. Qxb5 {[%clk 00:41:41]} {[%emt 00:05:07]} Qh4 {[%clk
00:30:39]} {[%emt 00:01:51]} 27. Rf1 {[%clk 00:40:28]} {[%emt 00:01:44]} d4
{[%clk 00:28:41]} {[%emt 00:02:29]} 28. Rf3 {[%clk 00:38:07]} {[%emt 00:02:50]}
Qxh2 {[%clk 00:26:59]} {[%emt 00:02:12]} 29. Kf2 {[%clk 00:34:44]} {[%emt
00:03:54]} Qh4+ {[%clk 00:25:46]} {[%emt 00:01:43]} 30. Kg1 {[%clk 00:30:07]}
{[%emt 00:05:06]} dxc3 {[%clk 00:22:43]} {[%emt 00:03:33]} 31. g3 {[%clk
00:27:35]} {[%emt 00:03:03]} Rd1+ {[%clk 00:20:46]} {[%emt 00:02:26]} 32. Kg2
{[%clk 00:27:43]} {[%emt 00:00:22]} Qh1+ {[%clk 00:21:09]} {[%emt 00:00:08]}
0-1

[Event "ODJM B 2025"]
[Site "Willingen GER"]
[Date "2025.06.08"]
[Round "2"]
[White "Stelter, Finja"]
[Black "Lesser, Luan"]
[Result "0-1"]
[Termination "normal"]
[Board "12"]
[WhiteElo "1730"]
[BlackElo "1790"]
[WhiteClock "00:02:56"]
[BlackClock "00:16:51"]
[PlyCount "84"]
[WhiteFideId "16298624"]
[BlackFideId "34640150"]
[EventCountry "GER"]
[EventRounds "9"]
[EventType "swiss"]
[EventDate "2025.06.07"]

1. e4 {[%clk 01:30:57]} {[%emt 00:00:03]} c5 {[%clk 01:31:00]} {[%emt
00:00:01]} 2. Nf3 {[%clk 01:31:14]} {[%emt 00:00:12]} e6 {[%clk 01:31:28]}
{[%emt 00:00:03]} 3. d4 {[%clk 01:30:46]} {[%emt 00:00:58]} cxd4 {[%clk
01:31:56]} 4. Nxd4 {[%clk 01:31:04]} {[%emt 00:00:11]} Nf6 {[%clk 01:32:18]}
{[%emt 00:00:08]} 5. Bg5 {[%clk 01:29:10]} {[%emt 00:02:24]} Qa5+ {[%clk
01:25:56]} {[%emt 00:06:53]} 6. Bd2 {[%clk 01:29:00]} {[%emt 00:00:40]} Qb6
{[%clk 01:26:14]} {[%emt 00:00:10]} 7. Nb5 {[%clk 01:19:12]} {[%emt 00:10:20]}
Nxe4 {[%clk 01:18:50]} {[%emt 00:07:54]} 8. Be3 {[%clk 01:16:17]} {[%emt
00:03:24]} Bc5 {[%clk 01:18:21]} {[%emt 00:00:59]} 9. Qf3 {[%clk 01:07:02]}
{[%emt 00:09:44]} Bxe3 {[%clk 01:13:35]} {[%emt 00:05:17]} 10. fxe3 {[%clk
01:06:35]} {[%emt 00:00:57]} Nd6 {[%clk 01:09:30]} {[%emt 00:04:35]} 11. N1c3
{[%clk 00:57:03]} {[%emt 00:10:03]} Nxb5 {[%clk 01:08:44]} {[%emt 00:01:16]}
12. Nxb5 {[%clk 00:51:14]} {[%emt 00:06:19]} a6 {[%clk 01:06:43]} {[%emt
00:02:31]} 13. Nd4 {[%clk 00:49:51]} {[%emt 00:01:52]} Qxb2 {[%clk 01:06:24]}
{[%emt 00:00:49]} 14. Qd1 {[%clk 00:49:21]} {[%emt 00:01:01]} Qc3+ {[%clk
01:05:54]} {[%emt 00:00:57]} 15. Kf2 {[%clk 00:48:39]} {[%emt 00:01:14]} Nc6
{[%clk 01:05:11]} {[%emt 00:01:10]} 16. Be2 {[%clk 00:46:30]} {[%emt 00:02:42]}
d5 {[%clk 01:00:11]} {[%emt 00:05:29]} 17. Rb1 {[%clk 00:38:25]} {[%emt
00:08:37]} Nxd4 {[%clk 00:57:42]} {[%emt 00:02:59]} 18. exd4 {[%clk 00:37:37]}
{[%emt 00:01:18]} Qc7 {[%clk 00:57:33]} {[%emt 00:00:38]} 19. g3 {[%clk
00:36:20]} {[%emt 00:01:48]} Bd7 {[%clk 00:56:33]} {[%emt 00:01:28]} 20. Bd3
{[%clk 00:34:47]} {[%emt 00:02:04]} Bb5 {[%clk 00:40:07]} {[%emt 00:16:54]} 21.
Bxb5+ {[%clk 00:30:47]} {[%emt 00:04:33]} axb5 {[%clk 00:40:31]} {[%emt
00:00:07]} 22. Rxb5 {[%clk 00:30:33]} {[%emt 00:00:43]} Rxa2 {[%clk 00:40:51]}
{[%emt 00:00:10]} 23. Rc5 {[%clk 00:30:28]} {[%emt 00:00:34]} Qd7 {[%clk
00:36:53]} {[%emt 00:04:26]} 24. Qb1 {[%clk 00:28:33]} {[%emt 00:02:26]} Ra8
{[%clk 00:35:37]} {[%emt 00:01:47]} 25. Qb5 {[%clk 00:24:10]} {[%emt 00:04:54]}
Qxb5 {[%clk 00:34:31]} {[%emt 00:01:36]} 26. Rxb5 {[%clk 00:24:26]} {[%emt
00:00:14]} Ra2 {[%clk 00:29:39]} {[%emt 00:05:21]} 27. Rc1 {[%clk 00:21:18]}
{[%emt 00:03:39]} O-O {[%clk 00:28:26]} {[%emt 00:01:42]} 28. Rxb7 {[%clk
00:20:39]} {[%emt 00:01:10]} Rc8 {[%clk 00:28:48]} {[%emt 00:00:07]} 29. Ke3
{[%clk 00:20:02]} {[%emt 00:01:06]} g5 {[%clk 00:28:53]} {[%emt 00:00:26]} 30.
Kd3 {[%clk 00:15:50]} {[%emt 00:04:42]} Ra3+ {[%clk 00:20:44]} {[%emt
00:08:38]} 31. c3 {[%clk 00:14:15]} {[%emt 00:02:06]} Ra2 {[%clk 00:19:21]}
{[%emt 00:01:53]} 32. Rc2 {[%clk 00:13:11]} {[%emt 00:01:35]} Rxc2 {[%clk
00:19:16]} {[%emt 00:00:34]} 33. Kxc2 {[%clk 00:13:40]} {[%emt 00:00:02]} Kg7
{[%clk 00:19:34]} {[%emt 00:00:11]} 34. Rb5 {[%clk 00:08:47]} {[%emt 00:05:22]}
Ra8 {[%clk 00:17:46]} {[%emt 00:02:19]} 35. Kb2 {[%clk 00:07:26]} {[%emt
00:01:51]} Rc8 {[%clk 00:17:47]} {[%emt 00:00:29]} 36. Kb3 {[%clk 00:06:15]}
{[%emt 00:01:41]} g4 {[%clk 00:17:15]} {[%emt 00:01:02]} 37. Kb4 {[%clk
00:05:27]} {[%emt 00:01:17]} Kg6 {[%clk 00:15:25]} {[%emt 00:02:20]} 38. Rc5
{[%clk 00:03:35]} {[%emt 00:02:24]} Rb8+ {[%clk 00:15:42]} {[%emt 00:00:08]}
39. Rb5 {[%clk 00:02:44]} {[%emt 00:01:25]} Rxb5+ {[%clk 00:15:41]} {[%emt
00:00:32]} 40. Kxb5 {[%clk 00:03:13]} {[%emt 00:00:01]} Kf5 {[%clk 00:16:09]}
41. c4 {[%clk 00:02:33]} {[%emt 00:01:11]} dxc4 {[%clk 00:16:29]} {[%emt
00:00:10]} 42. Kxc4 {[%clk 00:02:56]} {[%emt 00:00:06]} Ke4 {[%clk 00:16:51]}
{[%emt 00:00:07]} 0-1